| 000 | 00362nam a2200145Ia 4500 | ||
|---|---|---|---|
| 008 | 161229s9999 xx 000 0 und d | ||
| 020 | _a8122405851 | ||
| 082 | _a336 DWI/RE | ||
| 245 | _aReadings in Indian public finance | ||
| 250 | _a2nd ed. | ||
| 260 |
_bWiley Eastern Ltd _aNew Delhi _c1994 |
||
| 300 | _a243 | ||
| 700 | _aDwivedi, D N ,ed. | ||
| 942 | _cBK | ||
| 999 |
_c150167 _d150167 |
||